[Event "6. Torneo Aficionados Bali - Sub-2000"]
[Site "Benidorm ESP"]
[Date "2007.12.03"]
[Round "4.23"]
[White "Ventura Rius, Andreu"]
[Black "Sanz Garcia, Roberto"]
[Result "1-0"]
[WhiteElo "1926"]
[BlackElo "1994"]
[PlyCount "71"]
[EventDate "2007.11.30"]
[EventType "swiss"]
[EventRounds "9"]
[EventCountry "ESP"]
[Source "lmi"]
[SourceDate "2007.11.30"]

1. Nf3 c5 2. c4 Nc6 3. Nc3 d6 4. d4 cxd4 5. Nxd4 e5 6. Nc2 Be6 7. e4 f5 8. exf5
Bxf5 9. Bd3 Be6 10. Ne4 Be7 11. Qh5+ Bf7 12. Qh3 Qd7 13. Qg3 Bg6 14. Bg5 O-O-O
15. O-O Bxg5 16. Qxg5 Nf6 17. Nxf6 gxf6 18. Qe3 Rdg8 19. Rad1 e4 20. Be2 f5 21.
Qf4 Rd8 22. b4 Bf7 23. c5 d5 24. b5 Ne7 25. c6 bxc6 26. bxc6 Qd6 27. Ba6+ Kc7
28. Qe3 Nxc6 29. Qc3 Kb6 30. Rb1+ Kxa6 31. Nb4+ Kb7 32. Nxc6+ Ka8 33. Nxd8 Rxd8
34. Rfc1 d4 35. Qc8+ Rxc8 36. Rxc8+ 1-0

[Event "6. Torneo Aficionados Bali - Sub-2000"]
[Site "Benidorm ESP"]
[Date "2007.12.03"]
[Round "4.25"]
[White "Perez Puyal, Jose Joaquin"]
[Black "Munoz Bornao, Miguel Angel"]
[Result "1-0"]
[WhiteElo "1906"]
[BlackElo "1991"]
[PlyCount "52"]
[EventDate "2007.11.30"]
[EventType "swiss"]
[EventRounds "9"]
[EventCountry "ESP"]
[Source "lmi"]
[SourceDate "2007.11.30"]

1. e4 c5 2. Nc3 Nc6 3. d3 e6 4. g3 g6 5. Bg2 a6 6. Be3 d6 7. Qd2 Bg7 8. Nf3 Nf6
9. Bh6 O-O 10. h4 d5 11. e5 Ng4 12. Bxg7 Kxg7 13. h5 Qc7 14. hxg6 hxg6 15. Qf4
Ncxe5 16. O-O-O Nxd3+ 17. Rxd3 Qxf4+ 18. gxf4 Nxf2 19. Kd2 Nxh1 20. Bxh1 Rh8
21. Bg2 b5 22. Ne5 Rh2 23. Rg3 Bb7 24. Ne2 Rd8 25. Kd3 Kf6 26. Ng4+ Kg7 1-0

[Event "6. Torneo Aficionados Bali - Sub-2000"]
[Site "Benidorm ESP"]
[Date "2007.12.03"]
[Round "4.26"]
[White "Garcia Ruano, Juan Carlos"]
[Black "Tonus, Alex"]
[Result "1-0"]
[WhiteElo "1990"]
[BlackElo "1905"]
[PlyCount "67"]
[EventDate "2007.11.30"]
[EventType "swiss"]
[EventRounds "9"]
[EventCountry "ESP"]
[Source "lmi"]
[SourceDate "2007.11.30"]

1. e4 c5 2. Nf3 d6 3. d4 cxd4 4. Nxd4 Nf6 5. Nc3 a6 6. Be2 e5 7. Nb3 Be6 8. Be3
Be7 9. O-O O-O 10. Qd2 Qc7 11. Rad1 Nbd7 12. Kh1 Rac8 13. f4 b5 14. Bd3 Bc4 15.
a3 Ng4 16. Bg1 Nb6 17. h3 Nf6 18. Bxb6 Qxb6 19. Qf2 Qc7 20. Nd2 d5 21. fxe5
Qxe5 22. Nf3 Qh5 23. Bxc4 dxc4 24. Qg3 Rfd8 25. e5 Nd7 26. Nd5 Bc5 27. Nc7 Nb8
28. e6 Rxd1 29. Rxd1 Qg6 30. Qe5 Be7 31. Nd5 Nc6 32. Nxe7+ Nxe7 33. Rd7 Nc6 34.
exf7+ 1-0

[Event "6. Torneo Aficionados Bali - Sub-2000"]
[Site "Benidorm ESP"]
[Date "2007.12.03"]
[Round "4.29"]
[White "Moya Albadalejo, Jose Antonio"]
[Black "Alaguero Casado, Alberto"]
[Result "1-0"]
[WhiteElo "1986"]
[BlackElo "1883"]
[PlyCount "41"]
[EventDate "2007.11.30"]
[EventType "swiss"]
[EventRounds "9"]
[EventCountry "ESP"]
[Source "lmi"]
[SourceDate "2007.11.30"]

1. d4 Nf6 2. Bg5 e6 3. e4 Be7 4. Bd3 d6 5. Nd2 e5 6. c3 O-O 7. Ngf3 Bg4 8. h3
Bxf3 9. Qxf3 c6 10. Nf1 exd4 11. cxd4 Qa5+ 12. Bd2 Qb6 13. Bc3 Nbd7 14. Ne3 c5
15. e5 Ne8 16. Nf5 Bd8 17. Nh6+ Kh8 18. Nxf7+ Kg8 19. Bxh7+ Kxh7 20. Qh5+ Kg8
21. e6 1-0

[Event "6. Torneo Aficionados Bali - Sub-2000"]
[Site "Benidorm ESP"]
[Date "2007.12.03"]
[Round "4.31"]
[White "Dominguez Marquez, Juan Carlos"]
[Black "Rodriguez Ferrer, Pablo"]
[Result "0-1"]
[WhiteElo "1900"]
[BlackElo "1985"]
[PlyCount "42"]
[EventDate "2007.11.30"]
[EventType "swiss"]
[EventRounds "9"]
[EventCountry "ESP"]
[Source "lmi"]
[SourceDate "2007.11.30"]

1. Nf3 d5 2. c4 e6 3. g3 Nf6 4. Bg2 Nbd7 5. cxd5 exd5 6. Nc3 c6 7. O-O Bd6 8.
d4 O-O 9. Re1 Re8 10. Qc2 h6 11. Nh4 Nf8 12. e4 dxe4 13. Nxe4 Nxe4 14. Rxe4
Rxe4 15. Qxe4 Be6 16. Be3 Qf6 17. Qc2 Nd7 18. h3 Nb6 19. b3 Nd5 20. Kh2 Nxe3
21. fxe3 Qxh4 0-1

[Event "6. Torneo Aficionados Bali - Sub-2000"]
[Site "Benidorm ESP"]
[Date "2007.12.03"]
[Round "4.32"]
[White "Casamitjana Nuñez, Andres"]
[Black "Perez Garcia, Jose Miguel"]
[Result "0-1"]
[WhiteElo "1896"]
[BlackElo "1977"]
[PlyCount "56"]
[EventDate "2007.11.30"]
[EventType "swiss"]
[EventRounds "9"]
[EventCountry "ESP"]
[Source "lmi"]
[SourceDate "2007.11.30"]

1. e4 c5 2. Nf3 e6 3. d4 cxd4 4. c3 d5 5. exd5 Qxd5 6. cxd4 Bb4+ 7. Bd2 Bxd2+
8. Nbxd2 Nf6 9. Bc4 Qd6 10. O-O O-O 11. Re1 Nbd7 12. Rc1 a6 13. Ne4 Nxe4 14.
Rxe4 Nf6 15. Rh4 b5 16. Bd3 Bb7 17. Qc2 g6 18. Qd2 Bxf3 19. gxf3 h5 20. Kh1 Kg7
21. Rg1 Rh8 22. Qg5 Qd5 23. Qg3 Rh6 24. Rc1 Qxa2 25. Rc7 Qd5 26. Rf4 h4 27.
Rxf6 hxg3 28. Rfxf7+ Kh8 0-1

[Event "6. Torneo Aficionados Bali - Sub-2000"]
[Site "Benidorm ESP"]
[Date "2007.12.03"]
[Round "4.33"]
[White "Maseda Iglesias, Luis"]
[Black "Carcel Valero, Juan Antonio"]
[Result "1/2-1/2"]
[WhiteElo "1976"]
[BlackElo "1859"]
[PlyCount "52"]
[EventDate "2007.11.30"]
[EventType "swiss"]
[EventRounds "9"]
[EventCountry "ESP"]
[Source "lmi"]
[SourceDate "2007.11.30"]

1. d4 Nf6 2. c4 g6 3. Nc3 Bg7 4. e4 d6 5. Nge2 O-O 6. Ng3 e5 7. d5 Nbd7 8. Be2
a5 9. h4 Nc5 10. h5 c6 11. Bg5 h6 12. Be3 cxd5 13. cxd5 g5 14. Bxc5 dxc5 15.
Nb5 Ne8 16. Qc2 b6 17. a4 Nd6 18. O-O-O Nxb5 19. Bxb5 Qd6 20. Rhf1 Rd8 21. f3
Bf8 22. Rf2 Qf6 23. Nf5 Bxf5 24. exf5 Bd6 25. Qe4 Qe7 26. Rc2 f6 1/2-1/2

[Event "6. Torneo Aficionados Bali - Sub-2000"]
[Site "Benidorm ESP"]
[Date "2007.12.03"]
[Round "4.34"]
[White "Benito Alba, Eladio"]
[Black "Tung, Siu Hung"]
[Result "1-0"]
[WhiteElo "1873"]
[BlackElo "1974"]
[PlyCount "47"]
[EventDate "2007.11.30"]
[EventType "swiss"]
[EventRounds "9"]
[EventCountry "ESP"]
[Source "lmi"]
[SourceDate "2007.11.30"]

1. d4 c6 2. c4 d6 3. Nf3 g6 4. Nc3 Bg7 5. g3 Nf6 6. Bg2 O-O 7. O-O Na6 8. h3
Be6 9. d5 Bf5 10. dxc6 bxc6 11. Nd4 Bd7 12. Nxc6 Bxc6 13. Bxc6 Rb8 14. Bg2 Qc7
15. b3 Nc5 16. Bb2 a5 17. Nd5 Nxd5 18. Bxg7 Kxg7 19. Qxd5 a4 20. bxa4 Nxa4 21.
Rab1 e5 22. Rb3 Rbc8 23. Rd1 Rfd8 24. Rb7 1-0

[Event "6. Torneo Aficionados Bali - Sub-2000"]
[Site "Benidorm ESP"]
[Date "2007.12.03"]
[Round "4.38"]
[White "Grade, Jose Fernando"]
[Black "Carrascosa Campos, Juan Luis"]
[Result "1/2-1/2"]
[WhiteElo "1853"]
[BlackElo "1970"]
[PlyCount "40"]
[EventDate "2007.11.30"]
[EventType "swiss"]
[EventRounds "9"]
[EventCountry "ESP"]
[Source "lmi"]
[SourceDate "2007.11.30"]

1. c4 g6 2. Nf3 c5 3. g3 Bg7 4. Bg2 Nc6 5. Nc3 Nf6 6. O-O O-O 7. d4 cxd4 8.
Nxd4 Nxd4 9. Qxd4 d6 10. Qh4 Re8 11. Bh6 Bh8 12. Rad1 Be6 13. Bxb7 Rb8 14. Bc6
Nd7 15. Rd2 Bf6 16. Qe4 Qc8 17. Na4 Bf5 18. Qd5 Be6 19. Qe4 Bf5 20. Qd5 Be6
1/2-1/2

[Event "6. Torneo Aficionados Bali - Sub-2000"]
[Site "Benidorm ESP"]
[Date "2007.12.03"]
[Round "4.39"]
[White "Gil Garcia, Robert"]
[Black "Fuset Torralba, Jose Luis"]
[Result "1-0"]
[WhiteElo "1848"]
[BlackElo "1966"]
[PlyCount "33"]
[EventDate "2007.11.30"]
[EventType "swiss"]
[EventRounds "9"]
[EventCountry "ESP"]
[Source "lmi"]
[SourceDate "2007.11.30"]

1. e4 c5 2. Nf3 d6 3. d4 cxd4 4. Nxd4 Nf6 5. Nc3 e6 6. Bg5 Be7 7. f4 h6 8. Bh4
Nxe4 9. Bxe7 Nxc3 10. Bxd8 Nxd1 11. Bc7 Nxb2 12. Bxd6 a6 13. a4 Bd7 14. Rb1
Nxa4 15. Rxb7 Nc6 16. Nb3 O-O-O 17. Bxa6 1-0

[Event "6. Torneo Aficionados Bali - Sub-2000"]
[Site "Benidorm ESP"]
[Date "2007.12.03"]
[Round "4.41"]
[White "Garcia Iturriaga, Manuel"]
[Black "Pastor Briones, Jose"]
[Result "1-0"]
[WhiteElo "1961"]
[BlackElo "1839"]
[PlyCount "26"]
[EventDate "2007.11.30"]
[EventType "swiss"]
[EventRounds "9"]
[EventCountry "ESP"]
[Source "lmi"]
[SourceDate "2007.11.30"]

1. f4 d5 2. Nf3 Nf6 3. e3 g6 4. b3 Bg7 5. Bb2 O-O 6. Be2 c5 7. O-O Nc6 8. Ne5
Qc7 9. Qe1 Bf5 10. d3 Rfd8 11. Nd2 Bc8 12. Qh4 e6 13. Nxc6 d4 1-0

[Event "6. Torneo Aficionados Bali - Sub-2000"]
[Site "Benidorm ESP"]
[Date "2007.12.03"]
[Round "4.43"]
[White "Gutierrez Valero, Mario"]
[Black "Maza Broto, Pablo"]
[Result "1/2-1/2"]
[WhiteElo "1816"]
[BlackElo "1958"]
[PlyCount "77"]
[EventDate "2007.11.30"]
[EventType "swiss"]
[EventRounds "9"]
[EventCountry "ESP"]
[Source "lmi"]
[SourceDate "2007.11.30"]

1. d4 e6 2. c4 Nf6 3. Nf3 Bb4+ 4. Bd2 c5 5. e3 Qa5 6. Bxb4 Qxb4+ 7. Qd2 Qxd2+
8. Nbxd2 cxd4 9. exd4 O-O 10. Bd3 d5 11. c5 Bd7 12. O-O Nc6 13. a3 a5 14. b3 b6
15. Rac1 bxc5 16. Rxc5 Rfc8 17. Rfc1 Kf8 18. Bb5 Ne7 19. Bxd7 Nxd7 20. Rc7 Ke8
21. Kf1 Rxc7 22. Rxc7 Rc8 23. Rxc8+ Nxc8 24. Ke2 f6 25. Ke3 Nd6 26. Ne1 e5 27.
Nc2 Ke7 28. f3 Nf8 29. Nb1 Nf5+ 30. Kd3 Ne6 31. dxe5 fxe5 32. g3 Nfd4 33. Nxd4
Nxd4 34. Nd2 Kd6 35. f4 Ne6 36. fxe5+ Kxe5 37. Nf3+ Kd6 38. b4 axb4 39. axb4
1/2-1/2

[Event "6. Torneo Aficionados Bali - Sub-2000"]
[Site "Benidorm ESP"]
[Date "2007.12.03"]
[Round "4.54"]
[White "Calderon Campos, Jose Carlos"]
[Black "Garcia Lopez, Juan Antonio"]
[Result "0-1"]
[WhiteElo "1869"]
[BlackElo "1992"]
[PlyCount "110"]
[EventDate "2007.11.30"]
[EventType "swiss"]
[EventRounds "9"]
[EventCountry "ESP"]
[Source "lmi"]
[SourceDate "2007.11.30"]

1. e4 c5 2. Nc3 Nc6 3. f4 e6 4. Nf3 d5 5. Bb5 Nf6 6. e5 d4 7. exf6 dxc3 8. fxg7
cxd2+ 9. Bxd2 Bxg7 10. c3 Bd7 11. Qc2 Qc7 12. Bd3 h6 13. Be3 Ne7 14. Qf2 b6 15.
Be4 Bc6 16. Bxc6+ Qxc6 17. Ne5 Bxe5 18. fxe5 Rg8 19. O-O Nf5 20. Bf4 O-O-O 21.
Rad1 Rxd1 22. Rxd1 Qe4 23. Qd2 h5 24. Re1 Rxg2+ 25. Qxg2 Qxe1+ 26. Qf1 Qxf1+
27. Kxf1 Ne7 28. Kg2 Kc7 29. Kf3 Kc6 30. Bg5 Ng6 31. Ke4 Kb5 32. Bd8 Kc4 33.
Bg5 b5 34. Be3 b4 35. cxb4 Kxb4 36. Bd2+ Ka4 37. Be3 Kb5 38. Bd2 a5 39. Bc3 a4
40. Kd3 Nf4+ 41. Ke4 Nd5 42. Bd2 Kc4 43. h4 Nb4 44. Kf4 Kd5 45. Kg5 Kxe5 46.
Bc3+ Ke4 47. a3 Nd5 48. Kxh5 Nxc3 49. bxc3 Kf5 50. Kh6 e5 51. Kg7 e4 52. h5 e3
53. h6 e2 54. h7 e1=Q 55. h8=Q Qxc3+ 0-1

[Event "6. Torneo Aficionados Bali - Sub-2000"]
[Site "Benidorm ESP"]
[Date "2007.12.03"]
[Round "4.56"]
[White "Gimenez Blanco, Ricardo"]
[Black "Moreno Cervera, Jose Luis"]
[Result "0-1"]
[WhiteElo "1791"]
[BlackElo "1977"]
[PlyCount "74"]
[EventDate "2007.11.30"]
[EventType "swiss"]
[EventRounds "9"]
[EventCountry "ESP"]
[Source "lmi"]
[SourceDate "2007.11.30"]

1. e4 d5 2. exd5 Qxd5 3. Nc3 Qa5 4. d4 Nf6 5. Bc4 c6 6. Bd2 Qc7 7. Nf3 Bg4 8.
O-O e6 9. Be2 Nbd7 10. Ne5 h5 11. Nxg4 hxg4 12. g3 Bd6 13. Bxg4 O-O-O 14. f4
Rh7 15. Kg2 Nxg4 16. Qxg4 f5 17. Qe2 Nf6 18. Qxe6+ Kb8 19. Qxf5 Rdh8 20. Rh1
Rh5 21. Qd3 Rh3 22. Qf3 Qd7 23. f5 g6 24. Bf4 gxf5 25. Bxd6+ Qxd6 26. Qf4 Qxf4
27. gxf4 Ng4 28. Rae1 Rxh2+ 29. Rxh2 Rxh2+ 30. Kf3 Rf2+ 31. Kg3 Rxc2 32. Re2
Rxe2 33. Nxe2 Kc7 34. Ng1 Kd6 35. Nf3 Kd5 36. Ne5 Ne3 37. Nf7 b5 0-1

[Event "6. Torneo Aficionados Bali - Sub-2000"]
[Site "Benidorm ESP"]
[Date "2007.12.03"]
[Round "4.57"]
[White "Santos, Amadeu Solha"]
[Black "Palacios Perez, Jose Luis"]
[Result "0-1"]
[WhiteElo "1747"]
[BlackElo "1969"]
[PlyCount "57"]
[EventDate "2007.11.30"]
[EventType "swiss"]
[EventRounds "9"]
[EventCountry "ESP"]
[Source "lmi"]
[SourceDate "2007.11.30"]

1. b3 d5 2. Bb2 Bg4 3. f3 Bf5 4. g4 Bg6 5. h4 h5 6. g5 e6 7. e3 Ne7 8. Bg2 Nf5
9. Ne2 Bd6 10. f4 Nd7 11. e4 dxe4 12. Bxe4 c6 13. Bxf5 Bxf5 14. Ng3 Bg4 15. Ne2
O-O 16. Rg1 f5 17. d4 Qc7 18. Qd2 c5 19. Qc3 Bxe2 20. Kxe2 Bxf4 21. Nd2 cxd4
22. Qxc7 Bxc7 23. Bxd4 e5 24. Bb2 e4 25. g6 Be5 26. Bxe5 Nxe5 27. Rg5 Rae8 28.
Rxh5 Nxg6 29. Rg1 0-1

[Event "6. Torneo Aficionados Bali - Sub-2000"]
[Site "Benidorm ESP"]
[Date "2007.12.03"]
[Round "4.58"]
[White "Yanez Acin, Gonzalo"]
[Black "Garcia Perez, Ramon"]
[Result "1/2-1/2"]
[WhiteElo "1962"]
[BlackElo "1865"]
[PlyCount "49"]
[EventDate "2007.11.30"]
[EventType "swiss"]
[EventRounds "9"]
[EventCountry "ESP"]
[Source "lmi"]
[SourceDate "2007.11.30"]

1. e4 e5 2. Nf3 Nc6 3. Bc4 Bc5 4. c3 Nf6 5. d3 d6 6. O-O O-O 7. b4 Bb6 8. a4 a5
9. b5 Ne7 10. Be3 Bxe3 11. fxe3 Ng6 12. Bb3 c6 13. c4 Ng4 14. Qd2 Qb6 15. Re1
h6 16. Nc3 Be6 17. h3 Nf6 18. Rab1 Qc7 19. Qf2 Rad8 20. Rf1 Qe7 21. Rb2 d5 22.
exd5 cxd5 23. cxd5 Nxd5 24. Nxd5 Bxd5 25. Nd2 1/2-1/2

[Event "6. Torneo Aficionados Bali - Sub-2000"]
[Site "Benidorm ESP"]
[Date "2007.12.04"]
[Round "5.1"]
[White "Barranco Cara, Francisco Javier"]
[Black "Ruiz Ureta, Ernesto"]
[Result "1/2-1/2"]
[WhiteElo "1915"]
[BlackElo "1995"]
[PlyCount "64"]
[EventDate "2007.11.30"]
[EventType "swiss"]
[EventRounds "9"]
[EventCountry "ESP"]
[Source "lmi"]
[SourceDate "2007.11.30"]

1. d4 Nf6 2. c4 g6 3. Nc3 Bg7 4. e4 d6 5. Nf3 O-O 6. Be2 c5 7. O-O cxd4 8. Nxd4
Nc6 9. Be3 Bd7 10. Qd2 Nxd4 11. Bxd4 Bc6 12. f3 Nd7 13. Bxg7 Kxg7 14. Rae1 Qb6+
15. Kh1 a5 16. f4 Nc5 17. Bd3 Nxd3 18. Qxd3 Qxb2 19. f5 Rab8 20. a4 Qa3 21. Re3
Qc5 22. Rh3 f6 23. Ne2 Qe5 24. Rf4 g5 25. Nd4 gxf4 26. Rxh7+ Kxh7 27. Qh3+ Kg8
28. Qg4+ Kh7 29. Qh5+ Kg7 30. Ne6+ Qxe6 31. Qg6+ Kh8 32. Qg7+ Kxg7 1/2-1/2

[Event "6. Torneo Aficionados Bali - Sub-2000"]
[Site "Benidorm ESP"]
[Date "2007.12.04"]
[Round "5.5"]
[White "Ferrol Muñiz, Miguel"]
[Black "Mogro Flores, Simon"]
[Result "1-0"]
[WhiteElo "1992"]
[BlackElo "1951"]
[PlyCount "65"]
[EventDate "2007.11.30"]
[EventType "swiss"]
[EventRounds "9"]
[EventCountry "ESP"]
[Source "lmi"]
[SourceDate "2007.11.30"]

1. e4 c6 2. d4 d5 3. exd5 cxd5 4. Bd3 Nf6 5. c3 e6 6. Bg5 Be7 7. Nf3 Qb6 8. Qc2
h6 9. Bh4 Nbd7 10. Nbd2 a5 11. a4 O-O 12. O-O Re8 13. Rfe1 Bf8 14. h3 Qa7 15.
Bb5 g5 16. Bg3 b6 17. h4 gxh4 18. Bxh4 Ba6 19. Bc6 Rac8 20. Ne5 Nxe5 21. Bxe8
Nd3 22. Bxf6 Nxe1 23. Rxe1 Rxe8 24. Re3 Bd6 25. Rh3 Bf4 26. Nf3 Rc8 27. g3 Qc7
28. gxf4 Qxf4 29. Rg3+ Kf8 30. Be5 Qe4 31. Qxe4 dxe4 32. Bd6+ Ke8 33. Ne5 1-0

[Event "6. Torneo Aficionados Bali - Sub-2000"]
[Site "Benidorm ESP"]
[Date "2007.12.04"]
[Round "5.7"]
[White "Rodriguez Marcos, Jose Ramon"]
[Black "Penarrubia Blasco, Jose Alfredo"]
[Result "1/2-1/2"]
[WhiteElo "1985"]
[BlackElo "1893"]
[PlyCount "48"]
[EventDate "2007.11.30"]
[EventType "swiss"]
[EventRounds "9"]
[EventCountry "ESP"]
[Source "lmi"]
[SourceDate "2007.11.30"]

1. d4 d5 2. c4 c6 3. Nf3 Nf6 4. Nc3 e6 5. g3 Nbd7 6. Bg2 dxc4 7. e4 Nb6 8. O-O
Bb4 9. Qc2 h6 10. e5 Nfd5 11. Ne4 O-O 12. a3 Be7 13. Rd1 f5 14. exf6 Nxf6 15.
Ne5 Nxe4 16. Bxe4 Nd5 17. Qxc4 Bg5 18. h4 Bf6 19. Ng6 Rf7 20. Bf4 Bxh4 21. Bxh6
Bxg3 22. fxg3 gxh6 23. Rf1 Rxf1+ 24. Qxf1 Ne3 1/2-1/2

[Event "6. Torneo Aficionados Bali - Sub-2000"]
[Site "Benidorm ESP"]
[Date "2007.12.04"]
[Round "5.9"]
[White "Cubillo Muñoz, Miguel"]
[Black "Munuera Sanchez, Jorge"]
[Result "0-1"]
[WhiteElo "1828"]
[BlackElo "1969"]
[PlyCount "84"]
[EventDate "2007.11.30"]
[EventType "swiss"]
[EventRounds "9"]
[EventCountry "ESP"]
[Source "lmi"]
[SourceDate "2007.11.30"]

1. d4 d5 2. c4 Nc6 3. e3 e5 4. cxd5 Qxd5 5. Nc3 Bb4 6. a3 Bxc3+ 7. bxc3 exd4 8.
cxd4 Nf6 9. Nf3 O-O 10. Be2 Ne4 11. Bd2 Bg4 12. O-O Rfe8 13. h3 Bh5 14. Rc1 Qd6
15. Bb4 Nxb4 16. axb4 c6 17. b5 cxb5 18. g4 Bg6 19. Bxb5 Rec8 20. Ne5 Nc3 21.
Qb3 Nxb5 22. Qxb5 Be4 23. Qa5 f6 24. Nc4 Qe6 25. Nd2 Bg6 26. Qb4 b6 27. Qb5 Be8
28. Qa6 h5 29. d5 Qd7 30. Rxc8 Rxc8 31. f3 Rc5 32. e4 Qc7 33. Qa2 Qg3+ 34. Kh1
Qxh3+ 35. Kg1 Qg3+ 36. Kh1 hxg4 37. Qxa7 gxf3 38. Rxf3 Rc1+ 39. Rf1 Rc2 40. Qe7
Qh3+ 41. Kg1 Rxd2 42. Qe6+ Qxe6 0-1

[Event "6. Torneo Aficionados Bali - Sub-2000"]
[Site "Benidorm ESP"]
[Date "2007.12.04"]
[Round "5.11"]
[White "Hajenius, Willem"]
[Black "Ventura Rius, Andreu"]
[Result "1-0"]
[WhiteElo "1998"]
[BlackElo "1926"]
[PlyCount "47"]
[EventDate "2007.11.30"]
[EventType "swiss"]
[EventRounds "9"]
[EventCountry "ESP"]
[Source "lmi"]
[SourceDate "2007.11.30"]

1. d4 Nf6 2. c4 c5 3. d5 b5 4. cxb5 a6 5. Nc3 axb5 6. e4 b4 7. Nb5 d6 8. Bc4
Nbd7 9. Nf3 Nxe4 10. Qe2 f5 11. Bf4 Qa5 12. O-O h6 13. Nd2 Ndf6 14. f3 e5 15.
fxe4 exf4 16. exf5+ Kf7 17. Ne4 Qd8 18. Rxf4 Be7 19. Re1 Re8 20. Kh1 Kf8 21.
Nxf6 Bxf6 22. Qxe8+ Qxe8 23. Rxe8+ Kxe8 24. Nc7+ 1-0

[Event "6. Torneo Aficionados Bali - Sub-2000"]
[Site "Benidorm ESP"]
[Date "2007.12.04"]
[Round "5.13"]
[White "Salgado Gonzalez, Julio"]
[Black "Moya Albadalejo, Jose Antonio"]
[Result "0-1"]
[WhiteElo "1926"]
[BlackElo "1986"]
[PlyCount "63"]
[EventDate "2007.11.30"]
[EventType "swiss"]
[EventRounds "9"]
[EventCountry "ESP"]
[Source "lmi"]
[SourceDate "2007.11.30"]

1. d4 d5 2. Bf4 Nc6 3. Nf3 Bg4 4. Nc3 e6 5. e3 Bd6 6. h3 Bh5 7. Bxd6 cxd6 8.
Bd3 Nge7 9. Ne2 e5 10. g4 Bg6 11. Bxg6 hxg6 12. c3 b5 13. Ng3 Rb8 14. a3 a5 15.
h4 b4 16. cxb4 axb4 17. h5 bxa3 18. bxa3 Rb2 19. Kf1 e4 20. Nh4 Qa5 21. hxg6
fxg6 22. g5 Rf8 23. Rh2 Rd2 24. Qg4 Qc3 25. Re1 Nd8 26. Nxe4 Qd3+ 27. Kg1 Qxe4
28. Qxe4 dxe4 29. Ra1 Ndc6 30. f4 Rxh2 31. Kxh2 Rh8 32. Kg3 0-1

[Event "6. Torneo Aficionados Bali - Sub-2000"]
[Site "Benidorm ESP"]
[Date "2007.12.04"]
[Round "5.14"]
[White "Rodriguez Ferrer, Pablo"]
[Black "Griezne, Edvins"]
[Result "0-1"]
[WhiteElo "1985"]
[BlackElo "1913"]
[PlyCount "76"]
[EventDate "2007.11.30"]
[EventType "swiss"]
[EventRounds "9"]
[EventCountry "ESP"]
[Source "lmi"]
[SourceDate "2007.11.30"]

1. e4 c6 2. d4 d5 3. exd5 cxd5 4. Bd3 Nf6 5. c3 Nc6 6. Bf4 g6 7. Nd2 Nh5 8. Bg5
h6 9. Be3 Ng7 10. Ngf3 Nf5 11. Bf4 g5 12. Bg3 Bg7 13. Qc2 Nxg3 14. hxg3 e6 15.
Nb3 Qc7 16. O-O-O b6 17. Rde1 Bd7 18. Nfd2 O-O-O 19. Rhf1 g4 20. Kb1 Kb8 21.
Rh1 h5 22. f4 gxf3 23. gxf3 Bf6 24. f4 Rdg8 25. Reg1 h4 26. Nf3 hxg3 27. Rxh8
Bxh8 28. Ne5 Nxe5 29. fxe5 f6 30. Bh7 Rg5 31. Qd3 fxe5 32. dxe5 Bxe5 33. Qf3
Be8 34. Bd3 Qf7 35. Qe3 Qf4 36. Qe2 Bh5 37. Qe1 g2 38. Ba6 Qe4+ 0-1

[Event "6. Torneo Aficionados Bali - Sub-2000"]
[Site "Benidorm ESP"]
[Date "2007.12.04"]
[Round "5.15"]
[White "Perez Garcia, Jose Miguel"]
[Black "Perez Puyal, Jose Joaquin"]
[Result "1-0"]
[WhiteElo "1977"]
[BlackElo "1906"]
[PlyCount "61"]
[EventDate "2007.11.30"]
[EventType "swiss"]
[EventRounds "9"]
[EventCountry "ESP"]
[Source "lmi"]
[SourceDate "2007.11.30"]

1. d4 Nf6 2. Nf3 e6 3. c4 Bb4+ 4. Nbd2 b6 5. g3 Bb7 6. Bg2 O-O 7. O-O Be7 8.
Re1 d6 9. e4 Nbd7 10. b3 c5 11. d5 Ne8 12. Nf1 Nc7 13. Qc2 b5 14. h4 Nb6 15.
N1h2 Bf6 16. Rb1 Ba6 17. dxe6 fxe6 18. e5 Be7 19. Ng5 Bxg5 20. Bxg5 Qd7 21.
Bxa8 Rxa8 22. exd6 Qxd6 23. Bf4 Qc6 24. Qe4 Qd7 25. Rbd1 Qf7 26. Bxc7 Qxc7 27.
Qxe6+ Qf7 28. cxb5 Bxb5 29. Qxf7+ Kxf7 30. a4 Bc6 31. Ng4 1-0

[Event "6. Torneo Aficionados Bali - Sub-2000"]
[Site "Benidorm ESP"]
[Date "2007.12.04"]
[Round "5.16"]
[White "Bendayan Claros, Aaron"]
[Black "Dimitrijevic, Dragan"]
[Result "1-0"]
[WhiteElo "1922"]
[BlackElo "1970"]
[PlyCount "45"]
[EventDate "2007.11.30"]
[EventType "swiss"]
[EventRounds "9"]
[EventCountry "ESP"]
[Source "lmi"]
[SourceDate "2007.11.30"]

1. d4 Nf6 2. Bg5 Ne4 3. Bf4 d5 4. f3 Nf6 5. e4 dxe4 6. Nc3 exf3 7. Nxf3 Bg4 8.
h3 Bxf3 9. Qxf3 c6 10. O-O-O e6 11. Be5 Nbd7 12. Ne4 Nxe4 13. Qxe4 Qa5 14. Bc4
Nxe5 15. dxe5 Be7 16. h4 h5 17. Bxe6 fxe6 18. Qg6+ Kf8 19. Rhf1+ Kg8 20. Qxe6+
Kh7 21. Rf5 g6 22. Rf7+ Kh6 23. Qxe7 1-0

[Event "6. Torneo Aficionados Bali - Sub-2000"]
[Site "Benidorm ESP"]
[Date "2007.12.04"]
[Round "5.18"]
[White "Wlogalski, Olivier"]
[Black "Benito Alba, Eladio"]
[Result "0-1"]
[WhiteElo "1962"]
[BlackElo "1873"]
[PlyCount "56"]
[EventDate "2007.11.30"]
[EventType "swiss"]
[EventRounds "9"]
[EventCountry "ESP"]
[Source "lmi"]
[SourceDate "2007.11.30"]

1. b3 Nc6 2. Bb2 d5 3. e3 Nf6 4. f4 Bg4 5. Nf3 e6 6. Bb5 Be7 7. Bxc6+ bxc6 8.
O-O c5 9. Qe1 Bxf3 10. Rxf3 O-O 11. d3 Re8 12. Nd2 c6 13. Rh3 Nd7 14. e4 Nf8
15. Qg3 g6 16. a4 f5 17. exf5 exf5 18. Rf1 Bd6 19. Be5 Bxe5 20. fxe5 Ne6 21.
Nf3 Rb8 22. Nh4 Ng5 23. Nf3 Nxh3+ 24. Qxh3 Kg7 25. Qg3 Rb4 26. e6 Qb8 27. Qf2
Qd6 28. Qe2 h6 0-1

[Event "6. Torneo Aficionados Bali - Sub-2000"]
[Site "Benidorm ESP"]
[Date "2007.12.04"]
[Round "5.20"]
[White "Vazquez Abad, Juan C"]
[Black "Gomez Peco, David"]
[Result "0-1"]
[WhiteElo "1863"]
[BlackElo "1961"]
[PlyCount "52"]
[EventDate "2007.11.30"]
[EventType "swiss"]
[EventRounds "9"]
[EventCountry "ESP"]
[Source "lmi"]
[SourceDate "2007.11.30"]

1. d4 Nf6 2. c4 g6 3. Nc3 Bg7 4. e4 d6 5. Nf3 O-O 6. Be2 e5 7. Be3 Ng4 8. Bg5
f6 9. Bd2 Nc6 10. d5 Ne7 11. h3 Nh6 12. O-O f5 13. Ng5 f4 14. b4 Nxd5 15. Nxh7
Nxc3 16. Bxc3 Kxh7 17. Bg4 Nxg4 18. hxg4 Bf6 19. g3 Bg5 20. f3 fxg3 21. Kg2 Bf4
22. Rh1+ Kg7 23. Qd3 Be6 24. Be1 Qe7 25. Bxg3 Bxg3 26. Kxg3 Qf7 0-1